Catálogo público

Contabilidad de costos / (Record no. 218567)

MARC details
000 -CABECERA
campo de control de longitud fija 02193nam a2200337 a 4500
003 - IDENTIFICADOR DEL NÚMERO DE CONTROL
campo de control CHAP
005 - FECHA Y HORA DE LA ÚLTIMA TRANSACCIÓN
campo de control 20230421115447.0
007 - CAMPO FIJO DE DESCRIPCIÓN FÍSICA--INFORMACIÓN GENERAL
campo de control de longitud fija ta
008 - DATOS DE LONGITUD FIJA--INFORMACIÓN GENERAL
campo de control de longitud fija 230322s2017 mx ||||fr|||| 001 0 spa d
020 ## - NÚMERO INTERNACIONAL ESTÁNDAR DEL LIBRO
Número Internacional Estándar del Libro 978-607-17-2897-5
040 ## - FUENTE DE LA CATALOGACIÓN
Centro catalogador/agencia de origen mxchpua
Centro/agencia transcriptor CHAP
Normas de descripción rda
050 10 - SIGNATURA TOPOGRÁFICA DE LA BIBLIOTECA DEL CONGRESO
Número de clasificación HF5686.C8
Número de documento/Ítem .G37 2017
082 00 - NÚMERO DE LA CLASIFICACIÓN DECIMAL DEWEY
Número de clasificación 657.42
Número de documento/Ítem G37 2017
Número de edición 20
100 1# - ENTRADA PRINCIPAL--NOMBRE DE PERSONA
9 (RLIN) 186493
Nombre de persona García Hernández, Jesús
245 10 - MENCIÓN DE TÍTULO
Título Contabilidad de costos /
Mención de responsabilidad, etc. Jesús García Hernández
250 ## - MENCIÓN DE EDICIÓN
Mención de edición 1a edición
264 ## - PRODUCCIÓN, PUBLICACIÓN, DISTRIBUCIÓN, FABRICACIÓN Y COPYRIGHT
Producción, publicación, distribución, fabricación y copyright México :
Nombre del de productor, editor, distribuidor, fabricante Trillas,
Fecha de producción, publicación, distribución, fabricación o copyright 2017
300 ## - DESCRIPCIÓN FÍSICA
Extensión 425 páginas :
Otras características físicas diagramas, tablas
336 ## - TIPO DE CONTENIDO
Fuente rdacontent
Término de tipo de contenido texto
Código de tipo de contenido txt
337 ## - TIPO DE MEDIO
Fuente rdamedia
Nombre/término del tipo de medio sin medio
Código del tipo de medio n
338 ## - TIPO DE SOPORTE
Fuente rdacarrier
Nombre/término del tipo de soporte volumen
Código del tipo de soporte nc
505 0# - NOTA DE CONTENIDO CON FORMATO
Nota de contenido con formato Contabilidad financiera --<br/>Estructura financiera de la entidad industrial --<br/>Sistemas de costos por procesos --<br/>Desperdicios normales y extraordinarios --<br/>Catálogo de cuentas --<br/>Estados financieros básicos
520 2# - SUMARIO, ETC.
Sumario, etc. La presente obra se elaboró de acuerdo con programas vigentes de la asignatura de Contabilidad de Costos de la Universidad Nacional Autónoma de México y del Instituto Politénico Nacional. Sirve como libro de texto al estudiante de la materia y lo capacita, paso a paso, desde los temas más sencillos hasta los más complejos sobre los costos históricos, tanto por órdenes de producción como por procesos, a fin de que conozcan a fondo las características y el mecanismo de ambos sistemas, así como los desperdicios y estados financieros, y que pueda aplicarlos y manejarlos eficientemente en la práctica. Para el docente constituye una guía, ya que cada tema tratado está ampliamente desarrollado y analizado desde los ángulos más diversos; además, tiene un carácter flexible que permite su expansión o contracción en clase, en la medida en que el profesor lo estime pertinente. Por último, esta obra representa una fuente de consulta para el profesional interesado en ahondar en la materia.
650 17 - PUNTO DE ACCESO ADICIONAL DE MATERIA--TÉRMINO DE MATERIA
9 (RLIN) 27421
Término de materia o nombre geográfico como elemento de entrada Contabilidad
650 13 - PUNTO DE ACCESO ADICIONAL DE MATERIA--TÉRMINO DE MATERIA
9 (RLIN) 186494
Término de materia o nombre geográfico como elemento de entrada Planificación financiera
650 13 - PUNTO DE ACCESO ADICIONAL DE MATERIA--TÉRMINO DE MATERIA
9 (RLIN) 157891
Término de materia o nombre geográfico como elemento de entrada Control de costos
650 10 - PUNTO DE ACCESO ADICIONAL DE MATERIA--TÉRMINO DE MATERIA
Término de materia o nombre geográfico como elemento de entrada Financial planning
9 (RLIN) 186496
650 13 - PUNTO DE ACCESO ADICIONAL DE MATERIA--TÉRMINO DE MATERIA
9 (RLIN) 154623
Término de materia o nombre geográfico como elemento de entrada Accounting
650 13 - PUNTO DE ACCESO ADICIONAL DE MATERIA--TÉRMINO DE MATERIA
9 (RLIN) 186498
Término de materia o nombre geográfico como elemento de entrada Cost control
942 ## - ELEMENTOS DE PUNTO DE ACCESO ADICIONAL (KOHA)
Fuente del sistema de clasificación o colocación Dewey Decimal Classification
Tipo de ítem Koha
Holdings
Estado de retiro Estado de pérdida Fuente del sistema de clasificación o colocación Estado dañado Restricciones de uso No para préstamo Código de colección Localización permanente Ubicación/localización actual Fecha de adquisición Fuente de adquisición Número de inventario Total de préstamos Signatura topográfica completa Código de barras Fecha visto por última vez Número de copia Precio válido a partir de Tipo de ítem Koha Fecha del último préstamo En préstamo
    Dewey Decimal Classification   Préstamo interno   General Ingenieria Agroindustrial Ingenieria Agroindustrial 09/12/2021 Compra Librería UACh F. 39632 Consumo   657.42 G37 2017 1102014497 22/03/2023 Ej. 1 22/03/2023 Libro    
    Dewey Decimal Classification   Préstamo 5 días   General Ingenieria Agroindustrial Ingenieria Agroindustrial 09/12/2021 Compra Librería UACh F. 39632 Consumo 3 657.42 G37 2017 1102014498 02/12/2025 Ej. 2 22/03/2023 Libro 19/11/2025  
    Dewey Decimal Classification   Préstamo 5 días   General Ingenieria Agroindustrial Ingenieria Agroindustrial 09/12/2021 Compra Librería UACh F. 39632 Consumo 1 657.42 G37 2017 1102014499 02/09/2024 Ej. 3 22/03/2023 Libro 02/09/2024 28/06/2025